000 00544nam a2200193Ia 4500
008 140626s9999 xx 000 0 und d
100 _aGal, David..
245 _aCan small victories help win the war? evidence from consumer debt management /
_cDavid Gal ... [et al.].
260 _cc2012.
300 _a49 : 4, page 487
440 _aJournal of Marketing Research
521 _aBSBA
650 _aConsumer debt.
650 _aDebt.
650 _aGoal persistence.
650 _aGoal pursuit.
650 _aSubgoals.
942 _cSE
999 _c121045
_d121045